Willi Geisler (1886-1952) - Ein vergessener schlesischer Komponist
| Titel: | Willi Geisler (1886-1952) - Ein vergessener schlesischer Komponist / Andreas Klose |
|---|---|
| Verfasser: | |
| In: |
Schlesische Geschichtsblätter, Band 43, Heft 1 (2016), Seite 31-36 alle Artikel anzeigen |
| Veröffentlicht: | 2016 |
| Format: | Aufsatz |
| Sprache: | Deutsch |
X
alg: 43122266 001A $03025:16-05-18 001B $01999:16-05-18 $t22:52:13.000 001C $03025:16-05-18 $t14:32:03.000 001D $03025:16-05-18 001U $0utf8 001X $00 002@ $0Aou 002C $aText $btxt $2rdacontent 002D $aohne Hilfsmittel zu benutzen $bn $2rdamedia 002E $aBand $bnc $2rdacarrier 003@ $0431222665 007A $0431222665 $aHEB 010@ $ager 010E $erda 011@ $a2016 013D $RBiograf $RLebenslauf $RBiografik $#Biographies $#Biography $#Biographies -- Histoire et critique $#Biographie $#Biographisches Nachschlagewerk $#Lebensbeschreibung $#Berühmte Persönlichkeit Biografie $#Biografisches Nachschlagewerk $74006804-3 $8Biografie [Ts1] $9085010375 021A $aWilli Geisler (1886-1952) - Ein vergessener schlesischer Komponist $hAndreas Klose 028A $BVerfasser $4aut $71153235161 $8Klose, Andreas [Tp3] $9426676211 031A $d43 $e1 $h31-36 $j2016 039B $aEnthalten in $8--Abvc--. Schlesische Geschichtsblätter. - Karlstadt : Verein für Geschichte Schlesiens, 1908-. - ISSN 2190-4871 $x201600000430001969 $9047349034 044K $#Geisler, Willi $7126388083 $8Geisler, Willy$Z1886-1952 [Tp1] $9156950073 044K $RPolen $RNiederschlesien $ROberschlesien $RNiederschlesien $ROberschlesien $#Schlesien $#Schlesien $#Herzogtum Schlesien $#Herzogtum Schlesien Schlesien $#Provinz Schlesien $#Śla̜sk $#Slezsko $#Silesia $74052678-1 $8Schlesien [Tg1] $9085146781 044K $RMusiker $RKomponistin $#Composers $#Compositeurs $#Compositori $#Komponist $#Tonsetzer $74032009-1 $8Komponist [Ts1] $9085085197 045R $aGeschichte 1886-1952 045T $a7,41 $a8,1 $a9,10 lok: 43122266 78 exp: 43122266 78 1 #EPN 201B/01 $024-07-23 $t15:16:20.000 201C/01 $016-05-18 201U/01 $0utf8 203@/01 $01021987441 208@/01 $a16-05-18 $be 209A/01 $a/ $f000 $x00 209A/01 $ab*p $x01 209S/01 $uhttps://www.vfgs.eu/index.php?cat=Publikationen%20ab%201971&file=Willy_Geisler.pdf $XH 220C/01 $apgar 244Z/01 $#Schlesien $#Schlesien $#Herzogtum Schlesien $#Herzogtum Schlesien Schlesien $#Provinz Schlesien $#Śla̜sk $#Slezsko $#Silesia $74052678-1 $8--Tg1--Schlesien $x01 $9085146781 244Z/01 $#Electronic publications $#Publications électroniques $#Elektronische Publikation $#Computerdatei Formschlagwort $#Datei Formschlagwort $#Elektronisches Dokument $#Magnetband Formschlagwort $#Magnetbandkassette Formschlagwort $#Elektronische Ressource $#Digitale Publikation $74514269-5 $8--Ts1--Elektronische Publikation $x21 $9089274407 247C/01 $82080>Marburg/Lahn, Herder-Institut, Forschungsbibliothek, Bibliographieportal $9336309341
| LEADER | 00000caa a2200000 c 4500 | ||
|---|---|---|---|
| 001 | 431222665 | ||
| 003 | DE-603 | ||
| 005 | 20180516225213.0 | ||
| 007 | tu | ||
| 008 | 180516s2016 xx |||| | u00||u|ger c | ||
| 035 | |a (DE-599)HEB431222665 | ||
| 040 | |a DE-603 |b ger |c DE-603 |d DE-603 |e rda | ||
| 041 | |a ger | ||
| 084 | |a 7,41 |a 8,1 |a 9,10 |2 ssgn | ||
| 100 | 1 | |a Klose, Andreas |e Verfasser |4 aut |0 (DE-603)426676211 |0 (DE-588)1153235161 |2 gnd | |
| 245 | 0 | 0 | |a Willi Geisler (1886-1952) - Ein vergessener schlesischer Komponist |c Andreas Klose |
| 264 | 0 | |c 2016 | |
| 336 | |a Text |b txt |2 rdacontent | ||
| 337 | |a ohne Hilfsmittel zu benutzen |b n |2 rdamedia | ||
| 338 | |a Band |b nc |2 rdacarrier | ||
| 600 | 1 | 7 | |a Geisler, Willy |d 1886-1952 |0 (DE-588)126388083 |0 (DE-603)156950073 |2 gnd |
| 648 | 7 | |a Geschichte 1886-1952 |2 gnd | |
| 650 | 7 | |a Komponist |0 (DE-588)4032009-1 |0 (DE-603)085085197 |2 gnd | |
| 651 | 7 | |a Schlesien |0 (DE-588)4052678-1 |0 (DE-603)085146781 |2 gnd | |
| 655 | 7 | |a Biografie |2 gnd-content |0 (DE-588)4006804-3 |0 (DE-603)085010375 | |
| 773 | 0 | 8 | |i Enthalten in |t Schlesische Geschichtsblätter |d Karlstadt : Verein für Geschichte Schlesiens, 1908- |h 24 cm |x 2190-4871 |g Band 43, Heft 1 (2016), Seite 31-36 |w (DE-603)047349034 |w (DE-600)216898-4 |
| 924 | 0 | |9 2080 |a (DE-603)1021987441 |b DE-2080 |c HES |d d |g / |k https://www.vfgs.eu/index.php?cat=Publikationen%20ab%201971&file=Willy_Geisler.pdf | |


